000
00240nam a2200097Ia 4500
008
230907s9999||||xx |||||||||||||| ||und||
082
_a
324.94170824
_b
HOW
245
0
_a
How Ireland voted 2007 :
300
_a
xlviii, 259 pages :
942
_c
BK
999
_c
600149
_d
600149